Uplatnenie dokumentov z Ria v oblasti lesov a lesného hospodárstva
Uplatňovanie dokumentov z konferencie v Riu pre oblasť lesov a lesného hospodárstva na Slovensku. Konferencia OSN o životnom prostredí a rozvoji z pohľadu lesníctva. Trvalo udržateľné obhospodarovanie lesov.
Salvato in:
| Autore principale: | |
|---|---|
| Natura: | Capitolo di libro |
| Lingua: | slovacco |
| Soggetti: | |
| Tags: |
Nessun Tag, puoi essere il primo ad aggiungerne!!
|
MARC
| LEADER | 00000naa a2200000 4500 | ||
|---|---|---|---|
| 001 | r045197 | ||
| 005 | 20230928074405.6 | ||
| 041 | 0 | |a slo | |
| 044 | |a SK | ||
| 245 | 1 | 0 | |a Uplatnenie dokumentov z Ria v oblasti lesov a lesného hospodárstva |c Jozef Minďáš |
| 520 | |a Uplatňovanie dokumentov z konferencie v Riu pre oblasť lesov a lesného hospodárstva na Slovensku. Konferencia OSN o životnom prostredí a rozvoji z pohľadu lesníctva. Trvalo udržateľné obhospodarovanie lesov. | ||
| 610 | 2 | 0 | |a lesníctvo |
| 610 | 2 | 0 | |a hospodárstvo lesné |
| 610 | 2 | 0 | |a konferencie |
| 610 | 2 | 0 | |a ochrana lesa |
| 610 | 2 | 0 | |a prostredie prírodné |
| 610 | 2 | 0 | |a ťažba dreva |
| 610 | 2 | 0 | |a Slovensko |
| 100 | 1 | |a Minďáš, Jozef | |